Entry Nombre personal
001 - NÚMERO DE CONTROL
- campo de control: 79223
003 - IDENTIFICADOR DE NÚMERO DE CONTROL
- campo de control: SpMaBN
005 - FECHA Y HORA DE LA ÚLTIMA TRANSACCIÓN
- campo de control: 20250824092014.0
008 - ELEMENTOS DE DATO DE LONGITUD-FIJA
- campo de control de longitud fija: 930725n| aijnnaabn a aaa
016 ## - NÚMERO DE CONTROL DE UNA AGENCIA BIBLIOGRÁFICA NACIONAL
- Número de control del registro: BNE19996709574
024 7# - IDENTIFICADOR DE OTROS ESTÁNDARES
- Número estándar o código: http://www.wikidata.org/entity/Q55837649
- Fuente: wikidata
024 7# - IDENTIFICADOR DE OTROS ESTÁNDARES
- Número estándar o código: http://viaf.org/viaf/87128453/
- Fuente: viaf
024 7# - IDENTIFICADOR DE OTROS ESTÁNDARES
- Número estándar o código: https://isni.org/isni/0000000059835601
- Fuente: isni
040 ## - FUENTE DE CATALOGACIÓN
- Centro catalogador/agencia de origen: SpMaBN
- Lengua de catalogación: spa
- Centro/agencia transcriptor: SpMaBN
- Normas de descripción: rdc
- Convención/Normas de encabezamiento de materia/tesauro: embne
046 ## - FECHAS CON CODIFICACIÓN ESPECIAL
- Fecha de nacimiento: 1841
- Fecha de la muerte: 1910
100 1# - ENCABEZAMIENTO-NOMBRE DE PERSONA
- Nombre de persona: Maura y Gelabert, Juan,
- Fechas asociadas al nombre: 1841-1910
375 ## - GÉNERO/SEXO
- Género: Masculino
400 1# - TRAZADO DE VÉASE--NOMBRE DE PERSONA
- Nombre de persona: Maura Gilabert, Juan,
- Títulos y otros términos asociados al nombre: Obispo de Orihuela,
- Fechas asociadas al nombre: 1841-1910
670 ## - FUENTE DE DATOS ENCONTRADOS
- Cita de la fuente: Espasa
- Información encontrada: (Maura y Gelabert, Juan; prelado español; n. en Palma de Mallorca en 12-5-1841 y m. en Orihuela en 24-1-1910)
